Loading...

Sam`s Teach Yourself Mcse Tcp/ip In 14 Days

Bibliographic Details
Main Author: Causey, James F
Format: Printed Book
Published: Tech Media 1998
LEADER 00434nam a2200133 4500
020 |a 81-7635-102-4 
082 |a 004.62 
100 |a Causey, James F 
245 |a Sam`s Teach Yourself Mcse Tcp/ip In 14 Days  |c James F Causey  |h [Text] 
260 |b Tech Media  |c 1998 
300 |a 510p. 
942 |c BK 
999 |c 82536  |d 82536 
952 |0 0  |1 0  |4 0  |6 004_620000000000000  |7 0  |9 74705  |a SOCS  |b SOCS  |d 2015-06-11  |g 195.00  |l 0  |o 004.62  |p SOCS1881  |r 2015-06-11  |w 2015-06-11  |y BK